| 000 | 01222nam0a22002531 4500 | ||
|---|---|---|---|
| 001 | rc\7472 | ||
| 005 | 20021204101757.7 | ||
| 035 | _a(NLR Aleph) 005297105 | ||
| 090 |
_a6250447 _c6250447 |
||
| 100 | _a20021204d1991 u |0rusy50 ca | ||
| 101 | 0 | _arus | |
| 102 | _aRU | ||
| 105 | _ay ||||||||| | ||
| 200 | 1 |
_aАктуальные проблемы клинической лимфологии _eТез. докл. всесоюз. конф., 17-19 окт. 1991 г. _f[Редкол.: С.У. Джумаваев, Ю.Е. Выренков (отв. ред.) и др.] |
|
| 210 |
_aАндижан _cИзд-во Андижан. обкома _dБ. г. (1991) |
||
| 215 |
_a291 с. _d21 |
||
| 300 | _aВ надзаг.: М-во здравоохранения СССР, М-во здравоохранения УзССР, Респ. центр клинич. лимфологии УзССР, Науч.-произв. комплекс "О-во лимфологов Узбекистана" | ||
| 702 | 1 |
_aДжумаваев _bС. У. _4340 |
|
| 712 | 0 | 1 |
_aСССР _bМ-во здравоохранения _3RU\NLR\AUTH\8810007906 |
| 801 | 0 |
_aRU _bNLR _gpsbo |
|
| 801 | 1 |
_aRU _bELAR _2rusmarc |
|
| 852 |
_aNLR _j91-3/11627 |
||
| 942 | _cBOOK | ||
| 980 | _aNB | ||